La economía del bloque colectivista /

Guardado en:
Autor Principal: Olivera, Julio
Formato: Libro
Publicado: Buenos Aires : Columba, 1959
Materias:
Etiquetas: Agregar Etiqueta
Sin Etiquetas, Sea el primero en etiquetar este registro!
LEADER 01259nam a22002055a 4500
001 CEM.cems004745
005 20060217000000.0
008 130507s1959##################000#0#####d
003 CEMS
082 0 4 |a 335 
100 1 |a Olivera, Julio 
245 1 0 |a La economía del bloque colectivista / 
260 |a Buenos Aires :  |b Columba,  |c 1959 
300 |a 64 p. 
505 0 |a El metodo de Marx; El marxismo; Ley de la valorización del trabajo; Desigualdad y explotación; Competencia y monopolio; Concentración de la riqueza y aumento de las contradicciónes de clase; Teoria de la miseria creciente; Decadencia de las clases medias; La crisis industrial; Teoria del colapso; <Fascismo>; Los cientificos y el marxismo; Inevitabilidad del socialismo; Marxismo en los EEUU; Modelo ideal de <capitalismo> ; Metropolis y colonias; Economia mundial planificada; Critica de la economia política: El proceso de la producción capitalista; Transformación del dinero en capital; Producción de la plusvalia absoluta y relativa; Producción de la supervalia absoluta y relativa; Salario 
653 |a Colectivismo 
653 |a Colectivismo y capitalismo 
653 |a Colectivismo-china 
653 |a Colectivismo-urss 
859 |a CEMS  |b BIB. CEMS - 11 de abril  |h 335  |i OL4  |p 621.73  |t Ej.1